00252nam a2200097Ia 4500008004100000082001300041100001600054245002300070260005300093300000800146150201s2008 xx 000 0 und d a657bSIN aSinghal,A.K aCompany accounting bJBC Publishers and DistributorsaNew Delhic2008 aVp.